Guru berkesan pemangkin kecemerlangan

Bibliographic Details
Main Author: Suresh Kumar N Vellymalay (Author)
Format: Book
Published: Kuala Lumpur : Dewan Bahasa dan Pustaka 2017
Subjects:

MARC

LEADER 00000cam a2200000 7i4500
001 0000093721
005 20240130143357.0
020 |a 9789834915810 (  |q paperback) 
040 |e rda 
041 |a Malay 
090 0 0 |a 371.1   |b SUR 
100 0 |a Suresh Kumar N Vellymalay ,   |e (author) 
245 1 0 |a Guru berkesan pemangkin kecemerlangan   |c Suresh Kumar N Vellymalay 
264 1 |a Kuala Lumpur :   |b Dewan Bahasa dan Pustaka   |c 2017 
300 |a 129 pages ;   |c 22 cm. 
336 |a text  |2 rdacontent 
337 |a unmediated  |2 rdamedia 
338 |a volume  |2 rdacarrier 
500 |a Includes index 
541 |c Donation book   |f Inisiatif Belanjawan 2023 
650 0 |a Effective teaching 
650 0 |a Teacher effectiveness 
650 0 |a Teachers   |x Profesional ethics 
650 0 |a Teacher   |x Attitudes 
730 0 |a Title 
999 |a 0001753485   |b Book   |c Adult Collection   |e Perbadanan Perpustakaan Awam Johor 
999 |a 0001753486   |b Book   |c Adult Collection   |e Cawangan Urban Transformation Centre 
999 |a 0001753487   |b Book   |c Adult Collection   |e Cawangan AEON Kulaijaya 
999 |a 0001753488   |b Book   |c Adult Collection   |e Cawangan Tmn. Ungku Tun Aminah 
999 |a 0001753489   |b Book   |c Adult Collection   |e Cawangan Kota Tinggi 
999 |a 0001753490   |b Book   |c Adult Collection   |e Cawangan Muar 
999 |a 0001753491   |b Book   |c Adult Collection   |e Perbadanan Perpustakaan Awam Johor 
999 |a 0001753492   |b Book   |c Adult Collection   |e Cawangan Bukit Gambir 
999 |a 0001753493   |b Book   |c Adult Collection   |e Cawangan Bukit Gambir 
999 |a 0001753494   |b Book   |c Adult Collection   |e Cawangan Tangkak 
999 |a 0001753495   |b Book   |c Adult Collection   |e Cawangan Taman Sri Lambak 
999 |a 0001753496   |b Book   |c Adult Collection   |e Cawangan Segamat 
999 |a 0001753497   |b Book   |c Adult Collection   |e Cawangan Segamat 
999 |a 0001753498   |b Book   |c Adult Collection   |e Cawangan Bandar Penawar 
999 |a 0001753499   |b Book   |c Adult Collection   |e Cawangan Batu Pahat 
999 |a 0001753500   |b Book   |c Adult Collection   |e Cawangan Mersing 
999 |a 0001753501   |b Book   |c Adult Collection   |e Cawangan Pontian 
999 |a 0001753502   |b Book   |c Adult Collection   |e Cawangan Tangkak 
999 |a 0001753503   |b Book   |c Adult Collection   |e Cawangan Kota Tinggi